[Event "TCh-CHN 2018"]
[Site "China CHN"]
[Date "2018.10.27"]
[Round "16.4"]
[Board "4"]
[White "Ding, Yixin"]
[Black "Lei, Tingjie"]
[Result "1/2-1/2"]
[WhiteTitle "WGM"]
[BlackTitle "GM"]
[WhiteElo "2429"]
[BlackElo "2457"]
[WhiteTeam "Zhejiang Chess Team"]
[BlackTeam "Chongqing Team"]
[WhiteFideId "8602972"]
[BlackFideId "8605114"]
[EventDate "2018.04.11"]

1. e4 e5 2. Nf3 Nc6 3. Nc3 Nf6 4. d4 exd4 5. Nxd4 Bb4 6. Nxc6 bxc6 7. Bd3 d5 8.
exd5 cxd5 9. O-O O-O 10. Bg5 c6 11. Qf3 Rb8 12. Ne2 Bg4 13. Bxf6 Bxf3 14. Bxd8
Bxe2 15. Bxe2 Rfxd8 16. Bf3 Kf8 17. Rfd1 a5 18. a4 Bd6 19. b3 Be5 20. Rab1 Ke7
21. Rd3 Kd6 22. Re1 f6 23. g3 g5 24. Kf1 Kc5 25. Ke2 Re8 26. Kd1 Bd4 27. Rxe8
Rxe8 28. Rd2 Re5 29. Bg4 f5 30. f4 gxf4 31. gxf4 Re4 32. Bxf5 Rxf4 33. Bxh7 Rf1+
34. Ke2 Rh1 35. Kd3 Be5 36. Bf5 1/2-1/2

[Event "TCh-CHN 2018"]
[Site "China CHN"]
[Date "2018.10.27"]
[Round "16.4"]
[Board "5"]
[White "Zhu, Jiner"]
[Black "Tan, Zhongyi"]
[Result "1/2-1/2"]
[WhiteTitle "WIM"]
[BlackTitle "GM"]
[WhiteElo "2379"]
[BlackElo "2513"]
[WhiteTeam "Zhejiang Chess Team"]
[BlackTeam "Chongqing Team"]
[WhiteFideId "8608059"]
[BlackFideId "8603642"]
[EventDate "2018.04.11"]

1. e4 e5 2. Nf3 Nc6 3. Bc4 Nf6 4. d3 Be7 5. O-O O-O 6. c3 d6 7. Nbd2 Na5 8. Bb5
a6 9. Ba4 b5 10. Bc2 c5 11. Re1 Nc6 12. Nf1 Re8 13. h3 Qc7 14. Ng3 a5 15. Be3
Bd7 16. d4 a4 17. d5 Na7 18. Qe2 Reb8 19. b4 axb3 20. axb3 Nc8 21. Bd3 Rxa1 22.
Rxa1 b4 23. cxb4 Rxb4 24. Ra3 Rb7 25. Qa2 Ne8 26. Ba6 Ra7 27. Nd2 Nb6 28. Nc4
Nxc4 29. Bxc4 Rxa3 30. Qxa3 Qb7 31. Ne2 g6 32. Nc3 Kg7 33. Qa5 f5 34. f3 Nc7 35.
Na4 fxe4 36. fxe4 Nb5 37. Qb6 Qxb6 38. Nxb6 Be8 39. Bxb5 Bxb5 40. Nc4 Kf7 1/2-1/2

[Event "TCh-CHN 2018"]
[Site "China CHN"]
[Date "2018.10.27"]
[Round "16.5"]
[Board "1"]
[White "Ni, Hua"]
[Black "Jakovenko, Dmitry"]
[Result "1/2-1/2"]
[WhiteTitle "GM"]
[BlackTitle "GM"]
[WhiteElo "2683"]
[BlackElo "2735"]
[WhiteTeam "China Mobil Shanghai Chess Club"]
[BlackTeam "Hangzhou Bank Team"]
[WhiteFideId "8601160"]
[BlackFideId "4122356"]
[EventDate "2018.04.11"]

1. e4 e5 2. Nf3 Nc6 3. Bb5 Nf6 4. O-O Nxe4 5. Re1 Nd6 6. Nxe5 Be7 7. Bf1 Nxe5 8.
Rxe5 O-O 9. d4 Bf6 10. Re1 Nf5 11. c3 d5 12. Bf4 c6 13. Nd2 Nh4 14. Bd3 Bf5 15.
Bxf5 Nxf5 16. Nf3 Nh4 17. Nxh4 Bxh4 18. Qg4 Bf6 19. Be5 Bxe5 20. Rxe5 Re8 21.
Rae1 Rxe5 22. Rxe5 Qd6 23. h4 h6 24. h5 Rd8 25. Qf5 b6 26. g3 c5 27. Kg2 a5 28.
Qf4 Qd7 29. Qe3 Qb5 30. b3 a4 31. bxa4 Qxa4 32. dxc5 bxc5 33. Qxc5 Qxa2 34. Qc6
Qa3 35. Re8+ Rxe8 36. Qxe8+ Qf8 37. Qd7 Qc5 38. Qe8+ Qf8 39. Qd7 1/2-1/2

[Event "TCh-CHN 2018"]
[Site "China CHN"]
[Date "2018.10.27"]
[Round "16.5"]
[Board "2"]
[White "Matlakov, Maxim"]
[Black "Bai, Jinshi"]
[Result "1-0"]
[WhiteTitle "GM"]
[BlackTitle "GM"]
[WhiteElo "2700"]
[BlackElo "2568"]
[WhiteTeam "China Mobil Shanghai Chess Club"]
[BlackTeam "Hangzhou Bank Team"]
[WhiteFideId "4168003"]
[BlackFideId "8602280"]
[EventDate "2018.04.11"]

1. c4 c5 2. Nf3 Nc6 3. Nc3 g6 4. e3 Nf6 5. d4 cxd4 6. exd4 d5 7. cxd5 Nxd5 8.
Qb3 e6 9. Bb5 Bg7 10. O-O O-O 11. Bxc6 bxc6 12. Re1 Qc7 13. h3 Rb8 14. Qd1 c5
15. Nxd5 exd5 16. b3 c4 17. Ba3 Rd8 18. Re7 Qa5 19. Bc5 Rb7 20. Ne5 Rxe7 21. Nc6
Qa6 22. Nxe7+ Kh8 23. Nxc8 Rxc8 24. Qe2 Qe6 25. Re1 Qxe2 26. Rxe2 Bf8 27. Bxa7
Ra8 28. Bb6 cxb3 29. axb3 Rb8 30. Bc7 Rxb3 31. Re8 Kg7 32. Be5+ f6 33. Bxf6+ Kf7
34. Rd8 Kxf6 35. Rxf8+ Ke6 36. Re8+ Kd6 37. Rh8 Rb7 38. g4 Ke6 39. Kg2 g5 40.
Kg3 Kf6 41. f3 Rd7 42. h4 Kg7 43. Re8 h6 44. Re6 Rd8 45. hxg5 hxg5 46. Re5 Kg6
47. f4 gxf4+ 48. Kxf4 1-0

[Event "TCh-CHN 2018"]
[Site "China CHN"]
[Date "2018.10.27"]
[Round "16.5"]
[Board "3"]
[White "Xu, Yi"]
[Black "Ma, Qun"]
[Result "1/2-1/2"]
[WhiteTitle "IM"]
[BlackTitle "GM"]
[WhiteElo "2533"]
[BlackElo "2620"]
[WhiteTeam "China Mobil Shanghai Chess Club"]
[BlackTeam "Hangzhou Bank Team"]
[WhiteFideId "8605564"]
[BlackFideId "8603154"]
[EventDate "2018.04.11"]

1. e4 c5 2. Nf3 Nc6 3. Bb5 g6 4. Bxc6 dxc6 5. d3 Bg7 6. h3 Nf6 7. Nc3 Nd7 8. Be3
e5 9. Qd2 h6 10. O-O Qe7 11. Nh2 Nf8 12. f4 exf4 13. Bxf4 Ne6 14. Bg3 Nd4 15.
Rae1 O-O 16. e5 Bf5 17. Ne4 Bxe4 18. Rxe4 Nf5 19. Bf2 b6 20. Nf3 Qe6 21. b3 Rad8
22. Rfe1 Rd7 23. a4 Rfd8 24. Qc3 Bf8 25. Kh1 Re8 26. Qd2 Bg7 27. Qc3 Nd6 28.
R4e3 Nf5 29. Re4 Nd6 30. R4e3 Nf5 31. Re4 Nd6 1/2-1/2

[Event "TCh-CHN 2018"]
[Site "China CHN"]
[Date "2018.10.27"]
[Round "16.5"]
[Board "4"]
[White "Gu, Tianlu"]
[Black "Ju, Wenjun"]
[Result "0-1"]
[WhiteTitle "WIM"]
[BlackTitle "GM"]
[WhiteElo "2231"]
[BlackElo "2568"]
[WhiteTeam "Hangzhou Bank Team"]
[BlackTeam "China Mobil Shanghai Chess Club"]
[WhiteFideId "8603995"]
[BlackFideId "8603006"]
[EventDate "2018.04.11"]

1. e4 c5 2. Nf3 e6 3. g3 Nc6 4. Bg2 Nf6 5. Nc3 d6 6. d4 cxd4 7. Nxd4 Bd7 8. Ndb5
Qb8 9. Bf4 Ne5 10. O-O a6 11. Nd4 Be7 12. a4 Qc7 13. Re1 O-O 14. h3 Rac8 15. Be3
Rfd8 16. Kh2 h6 17. f4 Nc4 18. Bc1 e5 19. Nf3 b5 20. axb5 axb5 21. Nd5 Nxd5 22.
exd5 Bf6 23. fxe5 dxe5 24. Nd2 Nxd2 25. Bxd2 Qxc2 26. Bc3 Qxd1 27. Raxd1 Re8 28.
Re3 Rc4 29. Bf1 Rc5 30. Bg2 Rc4 31. Bf1 Ra4 32. Rde1 Ra2 33. Kh1 Kf8 34. Bb4+
Be7 35. Bxe7+ Rxe7 36. Rxe5 Rxe5 37. Rxe5 Rxb2 38. g4 Rd2 39. d6 b4 40. Bb5 Be6
41. d7 Bxd7 42. Bc4 Rc2 43. Bd5 Rc5 0-1

[Event "TCh-CHN 2018"]
[Site "China CHN"]
[Date "2018.10.27"]
[Round "16.5"]
[Board "5"]
[White "Li, Ruofan"]
[Black "Ni, Shiqun"]
[Result "1/2-1/2"]
[WhiteTitle "IM"]
[BlackTitle "WGM"]
[WhiteElo "2325"]
[BlackElo "2436"]
[WhiteTeam "Hangzhou Bank Team"]
[BlackTeam "China Mobil Shanghai Chess Club"]
[WhiteFideId "8600643"]
[BlackFideId "8608466"]
[EventDate "2018.04.11"]

1. d4 d5 2. c4 c6 3. cxd5 cxd5 4. Bf4 Nc6 5. Nc3 a6 6. e3 Nf6 7. Bd3 Bg4 8. Nge2
e6 9. f3 Bh5 10. O-O Bd6 11. Rc1 O-O 12. Na4 Bg6 13. Nc5 Bxf4 14. Nxf4 Bxd3 15.
Nfxd3 Qe7 16. f4 Rfc8 17. Rf2 Ne8 18. Rfc2 Nd6 19. b3 g6 20. Qe1 h5 21. Ne5 Nxe5
22. fxe5 Nf5 23. Ne4 Qd8 24. Nf6+ Kg7 25. b4 Rxc2 26. Rxc2 Rc8 27. Rc3 1/2-1/2

[Event "TCh-CHN 2018"]
[Site "China CHN"]
[Date "2018.10.27"]
[Round "16.6"]
[Board "2"]
[White "Zhao, Jun"]
[Black "Liu, Guanchu"]
[Result "1-0"]
[WhiteTitle "GM"]
[BlackTitle "IM"]
[WhiteElo "2607"]
[BlackElo "2432"]
[WhiteTeam "Shandong Jingzhi Team"]
[BlackTeam "Chengdu Beilei Youth Chess Club"]
[WhiteFideId "8602522"]
[BlackFideId "8603901"]
[EventDate "2018.04.11"]

1. c4 c5 2. Nf3 Nc6 3. d4 cxd4 4. Nxd4 Nf6 5. Nc3 e6 6. a3 Bc5 7. Nb3 Be7 8. e4
O-O 9. Be2 b6 10. O-O Ba6 11. f4 Rc8 12. Be3 d6 13. Bf2 Qc7 14. Rc1 Qb8 15. Nd2
Rfd8 16. b4 Bb7 17. Bf3 Bf8 18. Qe2 h6 19. Rfd1 Qa8 20. Nb3 Ne7 21. Bh4 Ng6 22.
Bxf6 gxf6 23. Bh5 Bg7 24. Bxg6 fxg6 25. Nd4 Re8 26. Ndb5 d5 27. cxd5 exd5 28.
Nd6 dxe4 29. Nxe8 Rxe8 30. Rd7 Bc8 31. Qc4+ 1-0

[Event "TCh-CHN 2018"]
[Site "China CHN"]
[Date "2018.10.27"]
[Round "16.6"]
[Board "3"]
[White "Wen, Yang"]
[Black "Xu, Xiangyu"]
[Result "1/2-1/2"]
[WhiteTitle "GM"]
[BlackTitle "GM"]
[WhiteElo "2604"]
[BlackElo "2565"]
[WhiteTeam "Shandong Jingzhi Team"]
[BlackTeam "Chengdu Beilei Youth Chess Club"]
[WhiteFideId "8602956"]
[BlackFideId "8608288"]
[EventDate "2018.04.11"]

1. e4 e5 2. Nf3 Nf6 3. Nxe5 d6 4. Nf3 Nxe4 5. Nc3 Nxc3 6. dxc3 Be7 7. Be3 O-O 8.
Qd2 Nd7 9. O-O-O c6 10. Kb1 Re8 11. h3 d5 12. c4 Nf6 13. cxd5 Nxd5 14. Bc4 Be6
15. Bb3 a5 16. a4 Bf6 17. Bd4 Nb4 18. Bxe6 Rxe6 19. c3 Nd5 20. Rhe1 Rxe1 21.
Rxe1 h6 22. Kc1 Nb6 23. Re4 Bxd4 24. Qxd4 Qxd4 25. Rxd4 Re8 26. b3 Kf8 27. Kd2
Nd5 28. g3 g6 29. Ng1 Re5 30. Ne2 Ke7 1/2-1/2

[Event "TCh-CHN 2018"]
[Site "China CHN"]
[Date "2018.10.27"]
[Round "16.6"]
[Board "4"]
[White "Ren, Xiaoyi"]
[Black "Huang, Qian"]
[Result "1/2-1/2"]
[BlackTitle "WGM"]
[WhiteElo "2256"]
[BlackElo "2444"]
[WhiteTeam "Chengdu Beilei Youth Chess Club"]
[BlackTeam "Shandong Jingzhi Team"]
[WhiteFideId "8608709"]
[BlackFideId "8602689"]
[EventDate "2018.04.11"]

1. d4 c5 2. d5 e5 3. c4 d6 4. e4 Be7 5. Nf3 Nf6 6. Nc3 O-O 7. Be2 Ne8 8. h3 a6
9. Be3 g6 10. Bh6 Ng7 11. g4 Nd7 12. Rg1 Nf6 13. Qd2 Kh8 14. O-O-O Bd7 15. Nxe5
dxe5 16. d6 Bc6 17. dxe7 Qxe7 18. Nd5 Bxd5 19. exd5 b5 20. Rge1 Ne4 21. Qe3 Nd6
22. f4 e4 23. Qxc5 bxc4 24. Bf3 f5 25. gxf5 gxf5 26. Rg1 Rf7 27. Bxg7+ Rxg7 28.
Rxg7 Kxg7 29. Rg1+ Kh6 30. Rg5 e3 31. Qd4 c3 32. Rh5+ Kg6 33. Rg5+ Kh6 34. Qd1
cxb2+ 35. Kb1 Nb5 36. Rh5+ Kg7 37. Qb3 Qf6 38. Rg5+ Kh8 39. Qxb2 Qxb2+ 40. Kxb2
Nd4 41. Bh5 Rd8 42. Rg3 e2 1/2-1/2

[Event "TCh-CHN 2018"]
[Site "China CHN"]
[Date "2018.10.27"]
[Round "16.6"]
[Board "5"]
[White "Gunina, Valentina"]
[Black "Yan, Tianqi"]
[Result "1-0"]
[WhiteTitle "GM"]
[WhiteElo "2497"]
[BlackElo "2098"]
[WhiteTeam "Chengdu Beilei Youth Chess Club"]
[BlackTeam "Shandong Jingzhi Team"]
[WhiteFideId "4167570"]
[BlackFideId "8615250"]
[EventDate "2018.04.11"]

1. e4 c5 2. Nf3 a6 3. c4 e6 4. Nc3 Qc7 5. d4 cxd4 6. Nxd4 Nf6 7. Qd3 Nc6 8. Nxc6
dxc6 9. Qg3 Qxg3 10. hxg3 e5 11. Be3 b5 12. Bd3 Be6 13. cxb5 axb5 14. f3 Be7 15.
Kf2 O-O 16. Rhc1 Rfd8 17. Be2 Rdc8 18. a4 bxa4 19. Nxa4 Nd7 20. Bc4 Bxc4 21.
Rxc4 c5 22. Rd1 Ra7 23. Rxd7 Rxd7 24. Nb6 Rcd8 25. Nxd7 Rxd7 26. Bxc5 Bxc5+ 27.
Rxc5 f6 28. Ke2 Rb7 29. Rc2 Kf7 30. Kd1 Ke6 31. Kc1 Kd6 32. Rc4 Rb3 33. Kb1 g5
34. g4 Re3 35. Rc2 Rb3 36. Ka2 Rb8 37. b3 Ra8+ 38. Kb2 Rb8 39. Rc4 h6 40. b4 Kd7
41. Kb3 1-0

[Event "TCh-CHN 2018"]
[Site "China CHN"]
[Date "2018.10.28"]
[Round "17.1"]
[Board "1"]
[White "Bu, Xiangzhi"]
[Black "Zhao, Chenxi"]
[Result "1-0"]
[WhiteTitle "GM"]
[WhiteElo "2726"]
[BlackElo "2328"]
[WhiteTeam "Shandong Jingzhi Team"]
[BlackTeam "Guangdong Ding Xin High Tech Team"]
[WhiteFideId "8601445"]
[BlackFideId "8611513"]
[EventDate "2018.04.11"]

1. Nf3 Nf6 2. c4 e6 3. Nc3 Bb4 4. Qc2 O-O 5. a3 Bxc3 6. Qxc3 b6 7. g3 Bb7 8. Bg2
d6 9. O-O Nbd7 10. b4 c5 11. d4 cxb4 12. axb4 Qc7 13. Bb2 Rfc8 14. Rfc1 Be4 15.
Bh3 Qd8 16. Nd2 Bb7 17. Qd3 d5 18. b5 a5 19. f3 dxc4 20. Nxc4 Bd5 21. Nd2 Rxc1+
22. Rxc1 Rc8 23. Rxc8 Qxc8 24. e4 Ba8 25. Nc4 Qc7 26. Ba3 Qd8 27. Qe3 Qc7 28.
Bf1 h6 29. Qf4 Qxf4 30. gxf4 Ne8 31. Bd3 Nc7 32. Nb2 f5 33. Be7 Kf7 34. Bd8 Ne8
35. Nc4 a4 36. Kf2 Nef6 37. Ke3 Ke8 38. Bc7 Bd5 39. Na3 Bb3 40. Kd2 g6 41. Bd6
h5 42. h4 Kd8 43. Ke2 Ne8 44. Bb4 Nef6 45. Nb1 Kc7 46. Nd2 Bd5 47. exd5 Nxd5 48.
Ba3 Nxf4+ 49. Ke3 Nd5+ 50. Kf2 Nc3 51. Bc4 e5 52. Ke3 1-0

[Event "TCh-CHN 2018"]
[Site "China CHN"]
[Date "2018.10.28"]
[Round "17.1"]
[Board "2"]
[White "Zhao, Jun"]
[Black "Li, Shilong"]
[Result "0-1"]
[WhiteTitle "GM"]
[BlackTitle "GM"]
[WhiteElo "2607"]
[BlackElo "2498"]
[WhiteTeam "Shandong Jingzhi Team"]
[BlackTeam "Guangdong Ding Xin High Tech Team"]
[WhiteFideId "8602522"]
[BlackFideId "8600678"]
[EventDate "2018.04.11"]

1. Nf3 Nf6 2. c4 g6 3. Nc3 Bg7 4. e4 d6 5. d4 O-O 6. Be2 e5 7. d5 a5 8. Bg5 h6
9. Bh4 Na6 10. Nd2 Qe8 11. O-O Bd7 12. b3 Nh7 13. a3 h5 14. f3 Bf6 15. Bf2 Qe7
16. Rb1 Bh4 17. b4 Bxf2+ 18. Rxf2 axb4 19. axb4 c5 20. bxc5 Nxc5 21. Nb3 Ba4 22.
Nxa4 Nxa4 23. Qe1 Nf6 24. Bf1 Nd7 25. Rc2 Ndc5 26. Nc1 Ra6 27. Qd2 Rfa8 28. Ne2
Rb6 29. Rxb6 Nxb6 30. Qe3 Nba4 31. Rc1 Qd8 32. Rb1 Ra6 33. f4 Rb6 34. Rxb6 Qxb6
35. fxe5 dxe5 36. Kh1 Qb1 37. Qf3 Nxe4 38. Ng3 Nac5 39. Kg1 Qe1 40. Qe2 Qxe2 41.
Nxe2 h4 42. g3 hxg3 43. hxg3 f5 44. Kg2 Kf7 45. Ng1 Kf6 46. Nf3 g5 47. Ne1 Nd2
48. Be2 e4 49. Nc2 Ke5 50. Kf2 f4 0-1

[Event "TCh-CHN 2018"]
[Site "China CHN"]
[Date "2018.10.28"]
[Round "17.1"]
[Board "3"]
[White "Wen, Yang"]
[Black "Xu, Yinglun"]
[Result "1/2-1/2"]
[WhiteTitle "GM"]
[BlackTitle "GM"]
[WhiteElo "2604"]
[BlackElo "2531"]
[WhiteTeam "Shandong Jingzhi Team"]
[BlackTeam "Guangdong Ding Xin High Tech Team"]
[WhiteFideId "8602956"]
[BlackFideId "8604940"]
[EventDate "2018.04.11"]

1. e4 c5 2. Nf3 d6 3. d4 cxd4 4. Nxd4 Nf6 5. Nc3 a6 6. g3 g6 7. Bg2 Bg7 8. O-O
O-O 9. b3 Bg4 10. Qd2 Nc6 11. Nxc6 bxc6 12. Bb2 Qc7 13. Na4 Rad8 14. Bc3 Qa7 15.
Rae1 Nd7 16. Ba5 Rb8 17. Kh1 Be6 18. f4 f6 19. c4 Kh8 20. h4 Bg4 21. f5 Ne5 22.
Bc3 h5 23. Kh2 Kh7 24. Bd4 Qc7 25. Bxe5 fxe5 26. Bh3 Bh6 27. Qd3 Bxh3 28. Kxh3
Kg7 29. fxg6 Qd7+ 30. Rf5 Qe6 31. Qf3 Qxg6 32. Rf1 Kh7 33. Nc3 e6 34. Rf7+ Kg8
35. Rf6 Rxf6 36. Qxf6 Qg4+ 37. Kg2 Rf8 38. Qxh6 Rxf1 39. Kxf1 Qf3+ 40. Kg1 1/2-1/2

[Event "TCh-CHN 2018"]
[Site "China CHN"]
[Date "2018.10.28"]
[Round "17.1"]
[Board "4"]
[White "Li, Xueyi"]
[Black "Huang, Qian"]
[Result "1/2-1/2"]
[BlackTitle "WGM"]
[WhiteElo "2187"]
[BlackElo "2444"]
[WhiteTeam "Guangdong Ding Xin High Tech Team"]
[BlackTeam "Shandong Jingzhi Team"]
[WhiteFideId "8605912"]
[BlackFideId "8602689"]
[EventDate "2018.04.11"]

1. d4 d5 2. c4 c6 3. Nc3 Nf6 4. cxd5 cxd5 5. Nf3 Nc6 6. Bf4 Bf5 7. e3 e6 8. Qb3
Bb4 9. Ne5 O-O 10. Nxc6 Bxc3+ 11. bxc3 bxc6 12. Be2 Qa5 13. Qb4 Qxb4 14. cxb4 a5
15. O-O Ne4 16. bxa5 Rxa5 17. Rfc1 Rfa8 18. f3 Nf6 19. Rxc6 h6 20. g4 Bg6 21. h4
Rxa2 22. Rxa2 Rxa2 23. Kf1 Ra1+ 24. Kf2 Ra2 25. Kf1 Ra1+ 26. Kf2 Ra2 27. Kf1 1/2-1/2

[Event "TCh-CHN 2018"]
[Site "China CHN"]
[Date "2018.10.28"]
[Round "17.1"]
[Board "5"]
[White "Gong, Qianyun"]
[Black "Yan, Tianqi"]
[Result "1/2-1/2"]
[WhiteTitle "WGM"]
[WhiteElo "2312"]
[BlackElo "2098"]
[WhiteTeam "Guangdong Ding Xin High Tech Team"]
[BlackTeam "Shandong Jingzhi Team"]
[WhiteFideId "8602425"]
[BlackFideId "8615250"]
[EventDate "2018.04.11"]

1. e4 c5 2. Nf3 e6 3. b3 Nc6 4. Bb2 d6 5. d4 cxd4 6. Nxd4 d5 7. Bb5 Ne7 8. exd5
Qxd5 9. O-O Bd7 10. c4 Qd6 11. c5 Qxc5 12. Na3 Qd6 13. Nc4 Qd5 14. Ne3 Qd6 15.
Nc4 Qd5 16. Qc1 Nxd4 17. Bxd7+ Qxd7 18. Bxd4 Nd5 19. Qb2 f6 20. Rad1 Be7 21. Qe2
b5 22. Ne3 O-O 23. Nxd5 exd5 24. Rd3 Bd6 25. Qf3 Qf7 26. Rfd1 Rac8 27. Be3 Bc5
28. Rxd5 Bxe3 29. Qxe3 Rfe8 30. Qd3 a6 31. h3 Qg6 32. Qf3 Qe4 33. Qg3 Rc2 34.
Rd8 Rc8 35. R1d7 Qg6 36. Qd6 Rcxd8 37. Rxd8 Qb1+ 38. Kh2 Rxd8 39. Qxd8+ Kf7 40.
Qd7+ Kg6 41. Qe8+ Kh6 42. g4 Qg6 43. Qe3+ Qg5 44. f4 Qd5 45. f5+ g5 46. h4 Qd6+
47. Kh3 Qc6 48. hxg5+ fxg5 49. Kg3 Qd6+ 50. Kg2 Qc6+ 51. Kg1 Qd6 52. Kg2 Qc6+ 1/2-1/2

[Event "TCh-CHN 2018"]
[Site "China CHN"]
[Date "2018.10.28"]
[Round "17.2"]
[Board "1"]
[White "Vallejo Pons, Francisco"]
[Black "Ni, Hua"]
[Result "0-1"]
[WhiteTitle "GM"]
[BlackTitle "GM"]
[WhiteElo "2694"]
[BlackElo "2683"]
[WhiteTeam "Chengdu Beilei Youth Chess Club"]
[BlackTeam "China Mobil Shanghai Chess Club"]
[WhiteFideId "2205530"]
[BlackFideId "8601160"]
[EventDate "2018.04.11"]

1. c4 e5 2. g3 c6 3. d4 e4 4. d5 Bb4+ 5. Bd2 Qe7 6. Nc3 Nf6 7. Bg2 O-O 8. Nh3
cxd5 9. cxd5 d6 10. O-O Bf5 11. f3 Na6 12. g4 Bg6 13. Bg5 h6 14. Bxf6 Qxf6 15.
f4 Bxc3 16. bxc3 Qxc3 17. f5 Bh7 18. Rc1 Qe3+ 19. Kh1 Nc5 20. Qe1 Rac8 21. Qh4
Nd7 22. Rb1 Nf6 23. g5 hxg5 24. Nxg5 Rc2 25. Nxh7 Nxh7 26. f6 g6 27. Rb3 Qxe2
28. Rg3 Qd2 29. Bxe4 Rc1 30. Rxc1 Qxc1+ 31. Rg1 Qc4 32. Re1 Re8 33. Bxg6 Qxh4
34. Rxe8+ Nf8 0-1

[Event "TCh-CHN 2018"]
[Site "China CHN"]
[Date "2018.10.28"]
[Round "17.2"]
[Board "2"]
[White "Xu, Xiangyu"]
[Black "Xu, Yi"]
[Result "1/2-1/2"]
[WhiteTitle "GM"]
[BlackTitle "IM"]
[WhiteElo "2565"]
[BlackElo "2533"]
[WhiteTeam "Chengdu Beilei Youth Chess Club"]
[BlackTeam "China Mobil Shanghai Chess Club"]
[WhiteFideId "8608288"]
[BlackFideId "8605564"]
[EventDate "2018.04.11"]

1. c4 Nf6 2. Nc3 e6 3. e4 d5 4. e5 d4 5. exf6 dxc3 6. bxc3 Qxf6 7. d4 e5 8. Nf3
Nc6 9. Bg5 Qg6 10. d5 Nb8 11. Bd3 e4 12. Bxe4 Qxe4+ 13. Kd2 Qxc4 14. Re1+ Be6
15. dxe6 Nc6 16. exf7+ Kxf7 17. Ne5+ Nxe5 18. Rxe5 Bd6 19. Qf3+ Kg8 20. Qe4 Qxe4
21. Rxe4 Kf7 22. Rae1 Rhe8 23. Rxe8 Rxe8 24. Rxe8 Kxe8 25. Be3 Kd7 26. Kd3 a6
27. Ke4 Ke6 28. f4 g6 29. g4 b5 30. h3 c6 31. Bd4 Bc7 32. f5+ gxf5+ 33. gxf5+
Kf7 34. Kf3 Bd6 35. Ke4 Bc7 36. Kf3 Bd6 37. Ke4 Bc7 1/2-1/2

[Event "TCh-CHN 2018"]
[Site "China CHN"]
[Date "2018.10.28"]
[Round "17.2"]
[Board "3"]
[White "Zhao, Yuanhe"]
[Black "Matlakov, Maxim"]
[Result "0-1"]
[BlackTitle "GM"]
[WhiteElo "2388"]
[BlackElo "2700"]
[WhiteTeam "Chengdu Beilei Youth Chess Club"]
[BlackTeam "China Mobil Shanghai Chess Club"]
[WhiteFideId "8609497"]
[BlackFideId "4168003"]
[EventDate "2018.04.11"]

1. Nf3 d5 2. g3 c6 3. Bg2 Nf6 4. O-O Bg4 5. d3 Nbd7 6. c4 e6 7. Qb3 Qb6 8. Be3
Bc5 9. d4 Be7 10. Nc3 O-O 11. h3 Bf5 12. c5 Qa6 13. Nh4 Be4 14. Nxe4 dxe4 15.
Rfe1 h6 16. Bf1 b6 17. cxb6 axb6 18. Rec1 Rfc8 19. Ng2 c5 20. dxc5 bxc5 21. Bd2
Nd5 22. Ne3 Bf6 23. Nc4 Ne5 24. Nxe5 Bxe5 25. e3 Qd6 26. Qc2 c4 27. Be1 Rc6 28.
Rab1 Rxa2 29. Bxc4 Qc7 30. Qxe4 Rxb2 31. Rxb2 Bxb2 32. Rc2 Nf6 33. Qd3 Be5 34.
Bb3 h5 35. Ba5 Qb7 36. Rxc6 Qxc6 37. Qc4 Qa8 38. Qc5 Qb8 39. Qb6 Bxg3 40. fxg3
Qxg3+ 41. Kf1 Qxh3+ 42. Ke2 Qg2+ 43. Kd3 h4 44. Qd8+ Kh7 45. Bc2 e5 46. Kc3+ e4
47. Bc7 h3 48. Qd6 Qe2 49. Qd4 Qg2 50. Qe5 Kg8 51. Kb3 Qd2 52. Qd4 Qxd4 53. exd4
Nd5 54. Be5 f5 55. Ka4 Kf8 56. Bb3 Nf6 57. Kb5 e3 58. Bd1 Ng4 59. Bd6+ Ke8 60.
Kc6 h2 61. Bf3 e2 62. Bg3 g5 63. Kd6 f4 64. Be1 Ne3 65. Bc6+ Kf7 66. Bc3 g4 0-1

[Event "TCh-CHN 2018"]
[Site "China CHN"]
[Date "2018.10.28"]
[Round "17.2"]
[Board "4"]
[White "Ju, Wenjun"]
[Black "Gunina, Valentina"]
[Result "0-1"]
[WhiteTitle "GM"]
[BlackTitle "GM"]
[WhiteElo "2568"]
[BlackElo "2497"]
[WhiteTeam "China Mobil Shanghai Chess Club"]
[BlackTeam "Chengdu Beilei Youth Chess Club"]
[WhiteFideId "8603006"]
[BlackFideId "4167570"]
[EventDate "2018.04.11"]

1. e4 c6 2. d4 d5 3. e5 Bf5 4. Nf3 e6 5. Be2 Nd7 6. O-O h6 7. c3 Ne7 8. Nbd2 g5
9. Re1 Bg7 10. Nf1 Qc7 11. Ne3 Bg6 12. Bd3 Bh5 13. Nf1 Nf5 14. Bxf5 exf5 15. Ng3
Bg6 16. Qd3 O-O-O 17. Nxf5 Nf8 18. g4 Ne6 19. h3 Bf8 20. Nh2 h5 21. Qf3 Qd7 22.
Bd2 hxg4 23. hxg4 f6 24. Nf1 Nf4 25. N1g3 fxe5 26. dxe5 Bxf5 27. gxf5 Rh4 28. e6
Qh7 29. f6 Bd6 30. e7 Re8 31. c4 g4 32. Qxf4 Bxf4 33. Bxf4 Rh2 34. f7 Qxf7 35.
Kxh2 Qxf4 36. Kg1 Qf7 37. cxd5 cxd5 38. Re5 Rxe7 39. Nf5 Rd7 40. Rae1 a6 41.
Re8+ Kc7 42. Nd4 Kb6 43. R8e3 Qf4 44. Ne2 Qc7 45. Rc1 Qd6 46. Rd1 Ka7 47. Ng3
Qf6 48. Rd2 d4 49. Red3 Rc7 50. Ne2 Re7 51. b3 Re4 52. Kg2 Qh8 53. Kg1 Re5 54.
Kg2 Rh5 55. Ng1 Rh2+ 56. Kf1 Qf6 57. Rg3 Qf4 58. Rgd3 g3 59. Nf3 Qh6 60. fxg3
Qh3+ 0-1

[Event "TCh-CHN 2018"]
[Site "China CHN"]
[Date "2018.10.28"]
[Round "17.2"]
[Board "5"]
[White "Ni, Shiqun"]
[Black "Ren, Xiaoyi"]
[Result "1-0"]
[WhiteTitle "WGM"]
[WhiteElo "2436"]
[BlackElo "2256"]
[WhiteTeam "China Mobil Shanghai Chess Club"]
[BlackTeam "Chengdu Beilei Youth Chess Club"]
[WhiteFideId "8608466"]
[BlackFideId "8608709"]
[EventDate "2018.04.11"]

1. e4 e5 2. Nf3 Nf6 3. d4 Nxe4 4. Bd3 d5 5. Nxe5 Bd6 6. O-O O-O 7. c4 c6 8. Nc3
Bxe5 9. dxe5 Nxc3 10. bxc3 dxc4 11. Bxc4 Qa5 12. Qe2 Be6 13. Bxe6 fxe6 14. Rb1
b6 15. Rd1 Na6 16. Qc4 Nc7 17. Qxc6 Qxe5 18. Ba3 Rf7 19. Qxa8+ 1-0